000 00378nam a2200169Ia 4500
003 0100
008 130303s9999 xx 000 0 und d
040 _cARRUPELIB
050 _aPC2271.P75R54 1993
100 _aRobertson, Lesley A
245 _aPocket French verb tables
260 _aLondon
260 _bHarper Collins
260 _C1993
300 _a256p
942 0 0 _05
999 _c19188
_d19188